000 00387nam a2200145Ia 4500
008 231129s1976||||xx |||||||||||||| ||spa||
020 _a84-226-0642-9
040 _bspa
082 _a813 S378s
100 _aSchreiber Flora Rheta
245 0 _aSybil
260 _c1976
264 _aBarcelona España: Cí­rculo de Lectores
942 _2ddc
_cBKS
999 _c24950
_d24950